| 000 | 00445nam a22001697a 4500 | ||
|---|---|---|---|
| 003 | MACL | ||
| 005 | 20160802152428.0 | ||
| 008 | 160802b xxu||||| |||| 00| 0 eng d | ||
| 040 | _cMACL | ||
| 041 | _aEnglish | ||
| 082 | _a800 TRI | ||
| 100 |
_aTrivedi, R D _965983 |
||
| 245 |
_aA Compendious History Of English Literature _cR D Trivedi |
||
| 260 |
_aNew Delhi _bVikas Publishing _c2010 |
||
| 650 |
_aLiterature _965984 |
||
| 942 |
_2ddc _cBK |
||
| 999 |
_c55460 _d55460 |
||